00809 a2200133 4500003000500000005001700005040000900022082001500031100001900046245006500065260004600130300001200176505048700188NUST20230209131100.0 cNust a654.91,QUR aQureshi, I.Q.  aA Short History of Pakistan :bBook one four /cI.H. Qureshi aKarachi ,PakistanbUniversity Pressc2000 a952 p.; aGeographical Factors in the history of Pakistan (Page-1), Sources of Antecedent History (Page-16), Prehistory and Protohistory (Page-26), The Age and Cultural of the Vedic Aryans (Page-45), The Age of Compromise (Page-64), The Aachaeminian age and the Alexander Invasion (Page-82), The Maurya Age (Page-98), Foreign invasions and the Age of the imperial Guptas (Page-139), The Age of Empire building in East Pakistan (Page-168), Medievalism and the Decline of the Hindus (Page-193).